Finland : 2019 Article IV Consultation-Press Release; and Staff Report.

This 2019 Article IV Consultation highlights that Finland's economy has performed well over the past three years, however, has slowed in 2019. There are some vulnerabilities in household finances, and productivity growth remains weak, with trend growth also constrained by adverse demographics....

Descripción completa

Detalles Bibliográficos
Autor Corporativo: International Monetary Fund. European Dept
Formato: Revista
Lenguaje:English
Publicado: Washington, D.C. : International Monetary Fund, 2020.
Colección:IMF Staff Country Reports; Country Report ; No. 2020/005
Materias:
Acceso en línea:Full text available on IMF
LEADER 02561cas a2200301 a 4500
001 AALejournalIMF016155
008 230101c9999 xx r poo 0 0eng d
020 |c 5.00 USD 
020 |z 9781513526195 
022 |a 1934-7685 
040 |a BD-DhAAL  |c BD-DhAAL 
110 2 |a International Monetary Fund.  |b European Dept. 
245 1 0 |a Finland :   |b 2019 Article IV Consultation-Press Release; and Staff Report. 
264 1 |a Washington, D.C. :  |b International Monetary Fund,  |c 2020. 
300 |a 1 online resource (56 pages) 
490 1 |a IMF Staff Country Reports 
500 |a <strong>Off-Campus Access:</strong> No User ID or Password Required 
500 |a <strong>On-Campus Access:</strong> No User ID or Password Required 
506 |a Electronic access restricted to authorized BRAC University faculty, staff and students 
520 3 |a This 2019 Article IV Consultation highlights that Finland's economy has performed well over the past three years, however, has slowed in 2019. There are some vulnerabilities in household finances, and productivity growth remains weak, with trend growth also constrained by adverse demographics. A new coalition government targets greater social support and inclusion, higher employment, carbon neutrality by 2035, and a balanced budget by 2023. A key challenge is to balance plans to increase spending with the need to maintain fiscal buffers. The fiscal expansion is expected to provide useful cyclical support in the short run, but offsetting measures will be required to ensure the structural balance reaches the government's medium-term target. The government aims for a substantial increase in employment, but the effectiveness of the proposed wage subsidies is unclear. Alternatively, incentives from tax and benefit schedules could be improved, especially for younger women, older workers, and those out of the workforce. Risks in the banking system remain low overall, but some types of lending are increasing household vulnerabilities. The recent recommendation to limit the ratio of household debt to income is both sensible and in line with steps taken in many other countries. 
538 |a Mode of access: Internet 
650 7 |a Aggregate Human Capital  |2 imf 
650 7 |a Employment  |2 imf 
650 7 |a Intergenerational Income Distribution  |2 imf 
650 7 |a Unemployment  |2 imf 
650 7 |a Wages  |2 imf 
830 0 |a IMF Staff Country Reports; Country Report ;  |v No. 2020/005 
856 4 0 |z Full text available on IMF  |u http://elibrary.imf.org/view/journals/002/2020/005/002.2020.issue-005-en.xml  |z IMF e-Library